Statystyki dla Transfery Crystal Palace w letnim okienku transferowym 2021/22.

Kliknij tutaj aby rozwiązać quiz!

Ogólne statystyki

  • Ten quiz został rozwiązany 16 razy
  • Średni wynik to 5 z 8

Statystyki odpowiedzi

CenaPozycjaNarodowośćPoprzedni KlubPiłkarz% Poprawnych
17,50 mlnŚrodkowy obrońcaDaniaOlympique LyonAndersen
93%
16,30 mlnŚrodkowy napastnikFrancjaCelticEdouard
87%
23,34 mlnŚrodkowy obrońcaAngliaChelsea U23Guehi
87%
9,30 mlnOfensywny pomocnikFrancjaReadingOlise
80%
WypożyczenieAngliaAngliaChelsea U23Gallagher
67%
7,00 mlnŚrodkowy pomocnikAngliaWatfordHughes
67%
Za darmoBramkarzAngliaSunderlandMatthews
27%
?Ofensywny pomocnikUSANew England RevolutionMontes
7%

Rozkład punktacji

Percentyl według liczby udzielonych odpowiedzi

Procent ludzi z każdym wynikiem

Twoja historia wyników

Nie rozwiązałeś tego quizu